000 00603nam a2200217Ia 4500
005 20260415173412.0
008 008 250505s9999 xx 000 0 eng d
020 _a978-81-316-1321-4
037 _aTextBook
040 _aFEDL
_beng
_cFEDL
041 _aeng
_2eng
084 _a371.26 BLA/R
_qFEDL
100 _aBlatchford Roy
_9783646
245 0 _aTeachers' standards in the classroom
250 _a5
260 _aLondon, UK
_bLearning Matters
_c2023
300 _axvii, 130p.
365 _aGBP
_b19.99
942 _cTB
_h371.26 BLA/R
999 _c1400054
_d1400054